| 000 | 00431nam a2200145 i 4500 | ||
|---|---|---|---|
| 001 | 185946 | ||
| 003 | ES-MaACL | ||
| 005 | 20230906222542.0 | ||
| 008 | 160829s1910 ne |||| | ger d | ||
| 100 | 1 |
_aVaillant, C. A. _9160605 |
|
| 245 | 1 | 0 |
_aDe octrooiwet / _cmet aanteekeningen van C.A. Vaillant. |
| 260 |
_aAmsterdam : _bDe Erven H. van Munster & Zoon, _c1910. |
||
| 300 |
_a44 p. ; _c25 cm. |
||
| 852 |
_aES-MaACL _jT-1331-F-7 |
||
| 999 |
_c185946 _d185946 |
||